O artefacto perverso (Registo nº 200225)
[ vista simples ]
| 000 -Etiqueta do registo | |
|---|---|
| Valores | 00669nam 22002293 4500 |
| 010 ## - Número ISBN | |
| ISBN | 972-8515-00-6 |
| 021 ## - Número do Depósito Legal | |
| Código do país | Portugal |
| Número | 127396/98 |
| 100 ## - Dados gerais de processamento | |
| Dados gerais | 20260127d u||y0pory50 ba |
| 200 ## - Titulo e menção de responsabilidade | |
| Título próprio | O artefacto perverso |
| Primeira menção de responsabilidade | Felipe Hernández Cava argumento, Federico del Barrio desenho |
| 205 ## - Menção da edição | |
| Edição | 1ª |
| 210 ## - Publicação | |
| Local de publicação | Queluz |
| Nome do editor | Edições Baleiazul |
| Data de publicação | 1998 |
| 215 ## - Descrição física | |
| Paginação / Volumes | 62, [3] p. |
| Outras indicações físicas | il. ; brochado |
| Dimensões | 31 cm |
| 606 ## - Nome comum usado como assunto | |
| ID Autoridade | 1586 |
| Palavra de ordem | Desenho Artístico |
| 610 ## - Termos não controlados | |
| Palavra de ordem | Banda Desenhada |
| 675 ## - CDU | |
| Notação | 74 |
| Edição | PT |
| Língua | por |
| 700 ## - Autor principal (pessoa individual) | |
| ID Autoridade | 16053 |
| Apelido | Cava |
| Nome | Felipe Hernández |
| 701 ## - Co-autor principal (pessoa individual) | |
| ID Autoridade | 16054 |
| Apelido | Barrio |
| Nome | Federico del |
| 801 ## - Fonte de origem | |
| País | PT |
| Agência | BMMN |
| Regras de catalogação | RPC |
| 830 ## - Notas gerais do catalogador | |
| Criado por | Isabel |
| 990 ## - Elementos KOHA | |
| Tipo de documento | Livro |
| Situação do levantamento | Biblioteca de origem | Código de barras | Cota | Permissão de empréstimo | Tipo de documento | Forma de aquisição |
|---|---|---|---|---|---|---|
| Biblioteca Municipal de Montemor-o-Novo | 29337 | 74 CAV|AJ | Livro | Compra |